|
|
|
|
| LEADER |
02164nam a2200613 4500 |
| 001 |
ocn759159310 |
| 003 |
OCoLC |
| 005 |
20170124070319.6 |
| 006 |
m o d |
| 007 |
cr cn||||||||| |
| 008 |
111011s2011 njuad ob 001 0 eng d |
| 040 |
|
|
|a E7B
|b eng
|e pn
|c E7B
|d OCLCQ
|d UIU
|d DG1
|d YDXCP
|d N$T
|d OCLCQ
|d DEBSZ
|d OCLCQ
|d OCLCF
|d DEBBG
|d OCLCQ
|d GrThAP
|
| 019 |
|
|
|a 956751555
|a 960283052
|a 963752339
|
| 020 |
|
|
|a 9781118144411
|q (electronic bk.)
|
| 020 |
|
|
|a 1118144414
|q (electronic bk.)
|
| 020 |
|
|
|a 1118059980
|
| 020 |
|
|
|a 9781118059982
|
| 020 |
|
|
|z 9781118144442
|
| 020 |
|
|
|z 1118144449
|
| 020 |
|
|
|z 9781118059982
|
| 029 |
1 |
|
|a AU@
|b 000049065175
|
| 029 |
1 |
|
|a DEBBG
|b BV040883933
|
| 029 |
1 |
|
|a DEBBG
|b BV043393646
|
| 029 |
1 |
|
|a DEBSZ
|b 372735118
|
| 029 |
1 |
|
|a DEBSZ
|b 430990448
|
| 029 |
1 |
|
|a NZ1
|b 14146249
|
| 029 |
1 |
|
|a NZ1
|b 15340222
|
| 035 |
|
|
|a (OCoLC)759159310
|z (OCoLC)956751555
|z (OCoLC)960283052
|z (OCoLC)963752339
|
| 050 |
|
4 |
|a TA455.C43
|b P76 2011eb
|
| 072 |
|
7 |
|a TEC
|x 009010
|2 bisacsh
|
| 082 |
0 |
4 |
|a 666
|2 23
|
| 049 |
|
|
|a MAIN
|
| 245 |
0 |
0 |
|a Processing and properties of advanced ceramics and composites III /
|c edited by Narottam P. Bansal [and others].
|
| 264 |
|
1 |
|a Hoboken, N.J. :
|b Wiley,
|c 2011.
|
| 300 |
|
|
|a 1 online resource (ix, 207 pages) :
|b illustrations.
|
| 336 |
|
|
|a text
|b txt
|2 rdacontent
|
| 337 |
|
|
|a computer
|b c
|2 rdamedia
|
| 338 |
|
|
|a online resource
|b cr
|2 rdacarrier
|
| 490 |
1 |
|
|a Ceramic transactions,
|x 1042-1122 ;
|v v. 225
|
| 504 |
|
|
|a Includes bibliographical references and index.
|
| 588 |
0 |
|
|a Print version record.
|
| 650 |
|
0 |
|a Ceramic materials.
|
| 650 |
|
0 |
|a Composite materials.
|
| 650 |
|
7 |
|a TECHNOLOGY & ENGINEERING
|x Chemical & Biochemical.
|2 bisacsh
|
| 650 |
|
7 |
|a Ceramic materials.
|2 fast
|0 (OCoLC)fst00850974
|
| 650 |
|
7 |
|a Composite materials.
|2 fast
|0 (OCoLC)fst00871682
|
| 655 |
|
4 |
|a Electronic books.
|
| 700 |
1 |
|
|a Bansal, Narottam P.
|
| 776 |
0 |
|
|z 9781118059982
|
| 776 |
0 |
|
|z 9781118144411
|
| 776 |
0 |
|
|z 9781118144442
|
| 830 |
|
0 |
|a Ceramic transactions ;
|v v. 225.
|x 1042-1122
|
| 856 |
4 |
0 |
|u https://doi.org/10.1002/9781118144442
|z Full Text via HEAL-Link
|
| 994 |
|
|
|a 92
|b DG1
|